Christmas Carol Opening Quiz Stats

 Plays Quiz not verified by Sporcle

Challenge
Share
Tweet
Embed
Score 0/58 Timer 10:00
0 Plays Today
Answer % Correct
was
93.3%
was
93.3%
was
93.3%
was
93.3%
Marley
90%
Marley
90%
dead:
88.3%
dead
88.3%
The
85.8%
the
85.8%
the
85.8%
the
85.8%
the
85.8%
to
85%
to
85%
to.
85%
Scrooge
80.8%
Scrooge's
80.8%
with.
80%
begin
76.7%
as
73.3%
as
73.3%
no
65.8%
door-nail.
65%
is
62.5%
it:
62.5%
he
62.5%
There
61.7%
and
60%
Answer % Correct
and
60%
that.
59.2%
about
54.2%
doubt
53.3%
his
51.7%
his
51.7%
for
50%
of
48.3%
by
45%
signed
40.8%
signed
40.8%
good
40.8%
a
40%
whatever
39.2%
name
39.2%
clerk,
35.8%
anything
35.8%
Old
35.8%
undertaker,
34.2%
mourner.
34.2%
upon
34.2%
'Change,
34.2%
chief
33.3%
put
32.5%
register
31.7%
burial
31.7%
clergyman,
30.8%
hand
29.2%
chose
28.3%

You're not logged in!

Compare scores with friends on all Sporcle quizzes.
Join for Free
OR
Log In

You Might Also Like...

Show Comments

Extras

Top Quizzes Today


Score Distribution

Your Account Isn't Verified!

In order to create a playlist on Sporcle, you need to verify the email address you used during registration. Go to your Sporcle Settings to finish the process.

Report this User

Report this user for behavior that violates our Community Guidelines.

Details: